000 00362 a2200121 4500
001 ART_43486
005 20260410162024.0
008 260409a
245 1 0 _aWork, welfare, and child maltreatment
100 1 _aPaxson, Christina
700 1 _aWaldfogel, Jane
773 0 _tJournal of labor economics
_g- Vol. 20, NÂș 3 (jul. 2002)
_wREV43438
999 _c33405
_d33405